| 000 | 00642nam a22001937a 4500 | ||
|---|---|---|---|
| 999 |
_c58310 _d58310 |
||
| 005 | 20211102163428.0 | ||
| 008 | 211102s2007 eng||||| |||| 00| 0 rus d | ||
| 020 | _a9788776870072 | ||
| 041 | _arus | ||
| 080 | _a159.964 X-12 | ||
| 100 |
_aХаббард, Рональд Лафайет. _912701 |
||
| 245 |
_aВведение в саентологическую этику / _cЛ. Рон Хаббард. |
||
| 264 |
_aМ. : _b"Нью Эра", _c2007. |
||
| 300 |
_a512 с. : _bил. ; _c24 см. |
||
| 653 | _a დიანეტიკა | ||
| 653 | _a სული | ||
| 653 | _a საენტოლოგია | ||
| 942 |
_2udc _cBK |
||